Historia de las mujeres en España y América Latina / (Record n. 5604)

Dettagli MARC
000 -LEADER
fixed length control field 01044nam a2200265 i 4500
003 - CONTROL NUMBER IDENTIFIER
control field IT-RoINE
005 - DATE AND TIME OF LATEST TRANSACTION
control field 20190320102117.0
008 - FIXED-LENGTH DATA ELEMENTS--GENERAL INFORMATION
fixed length control field 060111m20052008sp | r ||| ||spa d
020 ## - INTERNATIONAL STANDARD BOOK NUMBER
International Standard Book Number 843762262X
040 ## - CATALOGING SOURCE
Original cataloging agency SpMaBN
Language of cataloging spa
Transcribing agency IT-RoINE
Description conventions rdc
245 00 - TITLE STATEMENT
Title Historia de las mujeres en España y América Latina /
Statement of responsibility, etc Isabel Morant (dir.).
260 ## - PUBLICATION, DISTRIBUTION, ETC. (IMPRINT)
Place of publication, distribution, etc Madrid :
Name of publisher, distributor, etc Cátedra,
Date of publication, distribution, etc 2005-2008.
300 ## - PHYSICAL DESCRIPTION
Extent 4 v. :
Other physical details il. ;
Dimensions 21 cm.
336 ## - CONTENT TYPE
Source rdacontent
Content type term text
337 ## - MEDIA TYPE
Source rdamedia
Media type term unmediated
338 ## - CARRIER TYPE
Source rdacarrier
Carrier type term volume
490 1# - SERIES STATEMENT
Series statement Historia. Serie menor
504 ## - BIBLIOGRAPHY, ETC. NOTE
Bibliography, etc Bibliografía. Índice
505 1# - FORMATTED CONTENTS NOTE
Formatted contents note v. 1. De la prehistoria a la Edad Media -- v. 2. El mundo moderno -- v. 3. Del siglo XIX a los umbrales del XX -- v. 4. Del siglo XX a los umbrales del XXI.
650 #4 - SUBJECT ADDED ENTRY--TOPICAL TERM
9 (RLIN) 11946
Topical term or geographic name as entry element Mujeres
Geographic subdivision España
General subdivision Condiciones sociales
Form subdivision Historia
650 #4 - SUBJECT ADDED ENTRY--TOPICAL TERM
9 (RLIN) 11947
Topical term or geographic name as entry element Mujeres
Geographic subdivision América Latina
General subdivision Condiciones sociales
Form subdivision Historia
700 1# - ADDED ENTRY--PERSONAL NAME
Personal name Morant Deusa, Isabel,
Dates associated with a name 1947-
9 (RLIN) 11948
830 #0 - SERIES ADDED ENTRY--UNIFORM TITLE
9 (RLIN) 11949
Uniform title Historia (Cátedra).
Name of part/section of a work Serie menor
942 ## - ADDED ENTRY ELEMENTS (KOHA)
Item type Monografías
Dati di copia
Withdrawn status Lost status Damaged status Not for loan Home library Current library Date acquired Total Checkouts Full call number Barcode Date last seen Price effective from Koha item type Public note
        Iglesia Nacional Española en Roma Iglesia Nacional Española en Roma 18/09/2014   HIS.ESP.0. 469.1 6830 18/09/2014 18/09/2014 Monografías v. 1. De la prehistoria a la Edad Media
        Iglesia Nacional Española en Roma Iglesia Nacional Española en Roma 18/09/2014   HIS.ESP.0. 469.2 6831 18/09/2014 18/09/2014 Monografías v. 2. El mundo moderno
        Iglesia Nacional Española en Roma Iglesia Nacional Española en Roma 18/09/2014   HIS.ESP.0. 469.3 6832 18/09/2014 18/09/2014 Monografías v. 3. Del siglo XIX a los umbrales del XX